|
|
|
|
| LEADER |
00000nab a2200000 a 4500 |
| 001 |
vtls000129855 |
| 003 |
SK-MaSNL |
| 005 |
20260304075204.0 |
| 008 |
250423c1982 xo 0 slo |
| 015 |
|
|
|a SNBRB19rr/mm-uuuuu
|
| 035 |
|
|
|a CL0139961
|
| 035 |
|
|
|a urn:nbn:sk:snk-ab1t2p
|
| 035 |
|
|
|a (urnnbn)urn:nbn:sk:snk:ar-a00vsj
|
| 035 |
|
|
|a (uuid)24f6e4f1-ea1b-4372-b549-eb0da0b3e362
|
| 040 |
|
|
|a SNKBUCL
|b slo
|c SNKBUCL
|e AACR2
|
| 041 |
0 |
|
|a slo
|
| 044 |
|
|
|a xo
|c SK
|
| 080 |
|
|
|a 786
|2 1981
|
| 100 |
1 |
|
|a -he-
|4 aut
|9 958275
|
| 245 |
1 |
0 |
|a Dni organovej hudby
|b Z Kultúrneho leta v Bratislave
|c -he-
|
| 300 |
|
|
|b Obr. 7.
|
| 650 |
0 |
7 |
|a hudobné festivaly
|2 snkbucl
|9 2958
|
| 650 |
0 |
7 |
|a hudba pre organ
|2 snkbucl
|9 3374
|
| 650 |
0 |
7 |
|a Dni organovej hudby
|2 snkbucl
|9 1006149
|
| 655 |
|
7 |
|a články z novín a časopisov
|2 snkbucl
|9 267496
|
| 773 |
0 |
|
|t Hudobný život
|g Roč. 14, č. 15 (1982), s. 4
|
| 850 |
|
|
|a Slovenská národná knižnica
|
| 852 |
|
|
|a Slovenská národná knižnica
|
| 954 |
|
|
|a odborná, vedecká literatúra pôvodná (slovenská)
|2 lita
|
| 957 |
|
|
|a 5100
|
| 958 |
|
|
|a article27
|
| 958 |
|
|
|a OND
|
| 958 |
|
|
|a RK
|
| 958 |
|
|
|a EUIPO
|
| 992 |
|
|
|a RBX
|
| 999 |
|
|
|c 2780098
|d 2782028
|